000 00740nam a2200277Ia 4500
005 20260320195831.0
008 008 262003s9999 xx 000 0 hin d
020 _a9789392186813
037 _aEBOOK
040 _aCRL
040 _bhin
040 _cCRL
041 _2hin
041 _ahin
084 _qCRL
100 _aसदानंद प्रसाद गुप्त
_91133260
245 0 _aहिंदी साहित्य : सृष्टि और दृष्टि
250 _a1st
260 _bRajkamal
260 _c2022
300 _a196
856 _uhttps://ebook.indiaread.in/pdfs/Hindi_Sahitya_srishti_aur_drishti.pdf
942 _cEBOOK
999 _c1716749
_d1716749